Cuentos premiados : (Record no. 50949)
[ view plain ]
| 000 -LEADER | |
|---|---|
| campo de control de longitud fija | 01119nam a2200253 i 4500 |
| 001 - NÚMERO DE CONTROL | |
| campo de control | 50949 |
| 003 - IDENTIFICADOR DE NÚMERO DE CONTROL | |
| campo de control | ES-MaACL |
| 005 - FECHA Y HORA DE LA ÚLTIMA TRANSACCIÓN | |
| campo de control | 20230906162251.0 |
| 007 - CAMPO FIJO DE DESCRIPCIÓN FÍSICA--INFORMACIÓN GENERAL | |
| campo de control de longitud fija | t| |
| 008 - DATOS DE LONGITUD FIJA--INFORMACIÓN GENERAL | |
| campo de control de longitud fija | 030807s1963 sp ||||1| spa d |
| 111 2# - ENTRADA PRINCIPAL--NOMBRE DE CONGRESO/REUNIÓN | |
| Nombre de congreso/reunión o jurisdicción como elemento de entrada | Certamen Nacional de Cuentos ( |
| Número del congreso/reunión o número de parte o sección | 2º. |
| Fecha del congreso o de la firma del tratado | 1962) |
| 9 (RLIN) | 62 |
| 245 10 - MENCIÓN DEL TÍTULO | |
| Título | Cuentos premiados : |
| Resto del título | Segundo Certamen Nacional 1962 / |
| Mención de responsabilidad, etc. | organizado por Diario regional de Valladolid y patrocinado por la Caja de Ahorros y M. de P. de Salamanca ; [ilustraciones de Félix López]. |
| 260 ## - PUBLICACIÓN, DISTRIBUCIÓN, ETC. | |
| Lugar de publicación, distribución, etc. | Salamanca : |
| Nombre del editor, distribuidor, etc. | [s.n.], |
| Fecha de publicación, distribución, etc. | 1963 ( |
| Fabricante | Gráf. Cervantes) |
| 300 ## - DESCRIPCIÓN FÍSICA | |
| Extensión | 91 p. : |
| Otras características físicas | il. ; |
| Dimensiones | 17 cm. |
| 505 8# - NOTA DE CONTENIDO CON FORMATO | |
| Nota de contenido con formato | Contiene: Se abrieron las puertas del silencio / Jesús Torbado . El caballo de Enrique García Guerreira / Gil de Jesús Díiez Saiz |
| 586 ## - NOTA DE PREMIOS | |
| Nota de premios | 2º Certamen Nacional de Cuentos, 1962 |
| 650 #4 - PUNTO DE ACCESO ADICIONAL DE MATERIA--TÉRMINO DE MATERIA | |
| Término de materia o nombre geográfico como elemento de entrada | Cuentos españoles- |
| Subdivisión cronológica | S.XX. |
| 9 (RLIN) | 11487 |
| 700 1# - ENTRADA AGREGADA--NOMBRE PERSONAL | |
| Nombre de persona | Lopez, Félix. |
| 9 (RLIN) | 73326 |
| 700 1# - ENTRADA AGREGADA--NOMBRE PERSONAL | |
| Nombre de persona | Torbado, Jesús. |
| 9 (RLIN) | 110622 |
| 700 1# - ENTRADA AGREGADA--NOMBRE PERSONAL | |
| Nombre de persona | Díez Saiz, Gil de Jesús. |
| 9 (RLIN) | 44768 |
| 710 2# - ENTRADA AGREGADA--NOMBRE DE ENTIDAD CORPORATIVA | |
| Nombre de entidad corporativa o nombre de jurisdicción como elemento de entrada | Diario Regional de Valladolid. |
| 9 (RLIN) | 3387 |
| 710 2# - ENTRADA AGREGADA--NOMBRE DE ENTIDAD CORPORATIVA | |
| Nombre de entidad corporativa o nombre de jurisdicción como elemento de entrada | Caja de Ahorros y Monte de Piedad de Salamanca. |
| 9 (RLIN) | 2323 |
| 852 ## - LOCALIZACIÓN | |
| Ubicación | ES-MaACL |
| Número de control de estantería | C-26511 |
| Estatus retirado | Estado de pérdida | Estado de daño | No para préstamo | Biblioteca de origen | Biblioteca actual | Ubicación en estantería | Fecha de adquisición | Fuente de adquisición | Total de préstamos | Signatura topográfica completa | Código de barras | Visto por última vez | Precio de reemplazo | Tipo de ítem Koha |
|---|---|---|---|---|---|---|---|---|---|---|---|---|---|---|
| Biblioteca del Ateneo de Madrid | Biblioteca del Ateneo de Madrid | Depósito 2 | 17/01/2008 | C-26511 | 1053580 | 23/02/2023 | 23/02/2023 | Libro impreso |
